| 000 | 00381nam a22001571a 4500 | ||
|---|---|---|---|
| 020 | _a9788185054254 | ||
| 082 |
_a780.954 _bBON/M |
||
| 100 | _aBonnie C Wade | ||
| 245 |
_aMusic in India : _bthe classical traditions/ _cby Bonnie C Wade |
||
| 260 |
_aNew Delhi: _bManohar, _c1997. |
||
| 300 | _a262p. | ||
| 650 | _aMusic India | ||
| 650 | _aMusic | ||
| 650 | _aArts | ||
| 942 | _cBK | ||
| 999 |
_c29815 _d29815 |
||